| 000 | 02529cam a2200397 i 4500 | ||
|---|---|---|---|
| 001 | 23761103 | ||
| 003 | OSt | ||
| 005 | 20260514110827.0 | ||
| 008 | 240702s2024 nyu b 001 0 eng | ||
| 010 | _a 2024029603 | ||
| 020 |
_a9781032533889 _q(paperback) |
||
| 035 | _a23761103 | ||
| 040 |
_aNIC/DLC _beng _erda _cDLC _dDLC _dMILA_ain |
||
| 042 | _apcc | ||
| 043 | _aa------ | ||
| 050 | 0 | 0 |
_aHD49.3 _b.C77 2025 |
| 245 | 0 | 0 |
_aCrisis communication cases from Asia : _ba cultural approach / _cedited by Krishnamurthy Sriramesh and Su Lin Yeo. |
| 264 | 1 |
_aNew York ; _aLondon : _bRoutledge, Taylor & Francis Group, _c2025. |
|
| 300 |
_axx, 206 pages ; _c24 cm |
||
| 336 |
_atext _btxt _2rdacontent |
||
| 337 |
_aunmediated _bn _2rdamedia |
||
| 338 |
_avolume _bnc _2rdacarrier |
||
| 504 | _aIncludes bibliographical references and index. | ||
| 520 |
_a"This book analyzes crisis communication in Asia, focusing on how culture plays a central role in the way a crisis develops and is resolved. Using the case study method, this book offers the reader glimpses of the variety of cultures in the continent, displaying the complexity of the cross-cultural process of conducting crisis communication campaigns in this diverse context. Each of these cases addresses the onset, evolution, and resolution of the crisis. The contributors are seasoned practitioners who have done crisis communication work in this continent and have used the same framework of five environmental variables that define culture in this book: political culture; economic systems; societal culture; media systems; and activist environments. This edited volume is ideal for scholars and advanced students in public relations and strategic communication generally and crisis communication specifically"-- _cProvided by publisher. |
||
| 650 | 0 |
_aCommunication in crisis management _zAsia _vCase studies. |
|
| 650 | 0 |
_aCorporations _xPublic relations _zAsia _vCase studies. |
|
| 650 | 0 |
_aIntercultural communication _zAsia _vCase studies. |
|
| 655 | 7 |
_aCase studies. _2lcgft _0https://id.loc.gov/authorities/genreForms/gf2017026140 |
|
| 700 | 1 |
_aYeo, Su Lin, _eeditor. |
|
| 700 | 1 |
_aSriramesh, Krishnamurthy, _eeditor. |
|
| 776 | 0 | 8 |
_iOnline version: _tCrisis communication cases from Asia _dNew York, NY : Routledge, 2025 _z9781032637679 _w(DLC) 2024029604 |
| 906 |
_a7 _bcbc _corignew _d1 _eecip _f20 _gy-gencatlg |
||
| 942 |
_2lcc _cBK |
||
| 999 |
_c2676 _d2676 |
||